75th Hunger Games Competitors Quiz Stats

 Plays Quiz not verified by Sporcle

Challenge
Share
Tweet
Embed
Score 0/17 Timer 03:00
0 Plays Today
District Tribute % Correct
12Katniss
90.8%
12Peeta
90.8%
4Mags
82.4%
1Cashmere
81.7%
3Beetee
79%
3Wiress
78.2%
2Brutus
77.5%
2Enobaria
75.6%
7Johanna
74%
District Tribute % Correct
11Chaff
66.4%
11Seeder
66%
8woof
63.7%
7Blight
60.3%
4Finick
47.7%
8Cecilia
36.6%
1Glimmer
31.3%
5morphlings
27.9%

You're not logged in!

Compare scores with friends on all Sporcle quizzes.
Join for Free
OR
Log In

You Might Also Like...

Show Comments

Extras

Top Quizzes Today


Score Distribution

Your Account Isn't Verified!

In order to create a playlist on Sporcle, you need to verify the email address you used during registration. Go to your Sporcle Settings to finish the process.

Report this User

Report this user for behavior that violates our Community Guidelines.

Details: